| 000 | 00357nam a2200133Ia 4500 | ||
|---|---|---|---|
| 008 | 211109s9999||||xx |||||||||||||| ||und|| | ||
| 082 |
_a415.5 _bRAJ-P |
||
| 100 | _aRajaraja Varma, | ||
| 245 | 0 | _aPazhanchollukal | |
| 260 |
_bNATIONAL BOOKSTALL _aKottayam _c1900 |
||
| 630 | _xGeneral Stack | ||
| 650 |
_aProverbs _vMalayalam Grammar _xGeneralia |
||
| 942 | _cBOOK | ||
| 999 |
_c1160 _d1160 |
||